| 000 | 00538nam a22001937a 4500 | ||
|---|---|---|---|
| 005 | 20241004110827.0 | ||
| 010 | _aENG-141916 | ||
| 020 |
_a9789355438485 _c399.00 |
||
| 035 | _aEN-125448 | ||
| 037 | _bDBAD | ||
| 082 |
_a158.1 _21 |
||
| 100 |
_aSparacino, Bianca _972358 |
||
| 245 |
_aA Gentle Reminder/ _cBy Bianca Sparacino |
||
| 250 | _a1 | ||
| 260 |
_aUttar Pradesh _bAmaryllis _c2024 |
||
| 270 |
_aC-16, Sector-3, Noida _bUttar Pradesh _e201301 |
||
| 300 |
_a146p. _c19cm(pb) |
||
| 942 |
_2ddc _cEN _h158.1 _mSPA _e1 |
||
| 999 |
_c206093 _d206093 |
||